Królowie Polski - Statystyki

Ogólne statystyki
  • Ten quiz został rozwiązany 6 642 razy
  • Średni wynik to 16 z 29
Statystyki odpowiedzi
Panowanie Imię % Poprawnych
1025 Bolesław I Chrobry
98%
1648-1668 Jan II Kazimierz
80%
1333-1370 Kazimierz III Wielki
80%
1764-1795 Stanisław August Poniatowski
78%
1386-1434 Władysław II Jagiełło
78%
1320-1333 Władysław I Łokietek
69%
1587-1632 Zygmunt III Waza
66%
1674-1696 Jan III Sobieski
65%
1530-1572 Zygmunt II August
62%
1507-1548 Zygmunt I Stary
61%
1576-1586 Stefan Batory
58%
1025-1031 Mieszko II Lambert
55%
1632-1648 Władysław IV Waza
55%
1573-1574 Henryk Walezy
54%
1384-1399 Jadwiga Andegaweńska
51%
1733-1763 August III Sas
50%
1447-1492 Kazimierz IV Jagiellończyk
50%
1434-1444 Władysław III Warneńczyk
47%
1697-1706,1709-1733 August II Mocny
46%
1501-1506 Aleksander Jagiellończyk
44%
1669-1673 Michał Korybut Wiśniowiecki
43%
1370-1382 Ludwik Węgierski
42%
1076-1079 Bolesław II Szczodry
41%
1492-1501 Jan I Olbracht
41%
1704-1709,1733-1736 Stanisław Leszczyński
41%
1295-1296 Przemysł II
40%
1575-1596 Anna Jagiellonka
38%
1300-1305 Wacław II
37%
1305-1306 Wacław III
37%
Nie znaleziono quizów pasujących do podanych kryteriów
Rozkład punktacji
Procent ludzi z każdym wynikiem
Percentyl według liczby udzielonych odpowiedzi
Twoja historia wyników
Nie rozwiązałeś tego quizu